000 02678cam a22002054a 4500
005 20250605164150.0
008 250528s ||||||||||||||||||||||||d
035 _a19332
020 _a9603515817
040 _aGR-AtMCL
_bgre
_dGR-AtMCL
_eAACR2
245 1 _aΟδηγός Εξαγωγών Αγαθών και Υπηρεσιών / Σχεδιασμός - Προώθηση - Διαδικασίες με Πρακτικά Υποδείγματα
250 _a
260 _bΣταμούλης Α,
_c2005
300 _a484
520 _aΈνας πλήρης και εύχρηστος οδηγός που δίνει λύσεις σε όλα τα πρακτικά προβλήματα που αντιμετωπίζει σήμερα μια επιχείρηση στον τομέα των εξαγωγών της. Εισαγωγή στο Διεθνές Εμπόριο, Οι Διεθνείς Συναλλαγές, Τα Φορτωτικά Έγγραφα στο Διεθνές Εμπόριο, Μέσα Διεθνών Πληρωμών, Μέσα Χρηματοδότησης Εξαγωγικών Επιχειρήσεων, Μορφές Συνεργασίας για την Προώθηση των Εξαγωγών, Αντιμετώπιση Συναλλαγματικών Κινδύνων, Η Συγχρονη Τεχνολογία και το Διεθνές Εμπόριο, Διαδικασίες Διεκπεραίωσης Εξαγωγών, Εφοδιαστική (Logistics), Τελωνειακά Θέματα, Μεταφορές, Μεταφορές Ειδικών Φορτίων, Ασφάλιση Μεταφορών, Ασφάλιση Εξαγωγών από Πιστωτικούς και Πολιτικούς Κινδύνους, Incoterms 2000, Συσκευασία και Επωνυμία Εξαγόμενου Προϊόντος, Συμμετοχή σε Εμπορικές Εκθέσεις Εξωτερικού, Μάρκετινγκ Εξαγωγών, Οργάνωση του Τμήματος Πωλήσεων, Έρευνα Αγοράς Εξωτερικού, Τιμολογιακή Πολιτική, Διαφημίσεις, Δημόσιες Σχέσεις, Η Ανάπτυξη των Ελληνικών Εξαγωγών, Ο Πανελλήνιος Σύνδεσμος Εξαγωγέων, Ο Οργανισμός Ασφάλισης Εξαγωγικών Πιστώσεων, Ο Ελληνικός Οργανισμός Εξωτερικού Εμπορίου, Χρήσιμες Διευθύνσεις στο Διαδίκτυο, Βιβλιογραφία, Ευρετήριο.
700 1 _aΙωάννου Κωνσταντίνος
_95578
942 _cBK
999 _c4592
_d4592